00498nam a2200157Ia 450000500170000000800410001708200150005824500670007326000470014030000130018765000100020065000140021094200060022495200950023099900150032520240426061714.0240331s9999 xx 000 0 und d bTALa331.4 0aTales of the filipino working womencCommittee for Asian women aHong kongbCommittee for Asian Womenc1984 a68, p ., aWomen aPolitical cL 001040708LaWERCLbWERCLcSSCd2024-03-31l0o 331.4 TALp47r2024-03-31w2024-03-31yL c2700d2700